¿Qué es el hombre? (Record no. 48934)

MARC details
000 -LEADER
campo de control de longitud fija 00816nam a2200241 i 4500
001 - NÚMERO DE CONTROL
campo de control 48934
003 - IDENTIFICADOR DE NÚMERO DE CONTROL
campo de control ES-MaACL
005 - FECHA Y HORA DE LA ÚLTIMA TRANSACCIÓN
campo de control 20250830060341.0
007 - CAMPO FIJO DE DESCRIPCIÓN FÍSICA--INFORMACIÓN GENERAL
campo de control de longitud fija t|
008 - DATOS DE LONGITUD FIJA--INFORMACIÓN GENERAL
campo de control de longitud fija 030702s1976 sp ||||1| spa d
080 ## - NÚMERO DE LA CLASIFICACIÓN DECIMAL UNIVERSAL
Número de la Clasificación Decimal Universal 233
080 ## - NÚMERO DE LA CLASIFICACIÓN DECIMAL UNIVERSAL
Número de la Clasificación Decimal Universal 113/119
100 1# - ENTRADA PRINCIPAL--NOMBRE DE PERSONA
Nombre de persona Coreth, Emerich.
9 (RLIN) 40586
245 10 - MENCIÓN DEL TÍTULO
Título ¿Qué es el hombre?
Resto del título : esquema de una antropología filosófica /
Mención de responsabilidad, etc. Emerich Coreth ; presentación por Andrés Ortiz-Osés ; [versión de Claudio Gancho].
260 ## - PUBLICACIÓN, DISTRIBUCIÓN, ETC.
Lugar de publicación, distribución, etc. Barcelona :
Nombre del editor, distribuidor, etc. Herder,
Fecha de publicación, distribución, etc. [1976]
300 ## - DESCRIPCIÓN FÍSICA
Extensión 268 p. ;
Dimensiones 22 cm.
650 07 - PUNTO DE ACCESO ADICIONAL DE MATERIA--TÉRMINO DE MATERIA
Término de materia o nombre geográfico como elemento de entrada Hombre (Teología cristiana)
Fuente del encabezamiento o término
9 (RLIN) 13459
650 #7 - PUNTO DE ACCESO ADICIONAL DE MATERIA--TÉRMINO DE MATERIA
Término de materia o nombre geográfico como elemento de entrada Antropología filosófica
Fuente del encabezamiento o término embne
9 (RLIN) 9891
700 1# - ENTRADA AGREGADA--NOMBRE PERSONAL
Nombre de persona Ortiz-Osés, Andrés,
Fechas asociadas al nombre 1943-2021
9 (RLIN) 87635
700 1# - ENTRADA AGREGADA--NOMBRE PERSONAL
Nombre de persona Gancho, Claudio
9 (RLIN) 53818
852 ## - LOCALIZACIÓN
Ubicación ES-MaACL
Número de control de estantería A-5928
Sublocalización o colección R.94654
Holdings
Estatus retirado Estado de pérdida Estado de daño No para préstamo Biblioteca de origen Biblioteca actual Ubicación en estantería Fecha de adquisición Fuente de adquisición Total de préstamos Signatura topográfica completa Código de barras Visto por última vez Precio de reemplazo Tipo de ítem Koha
        Biblioteca del Ateneo de Madrid Biblioteca del Ateneo de Madrid Sala Pecera Planta 1 17/01/2008     A-5928 1051498 23/02/2023 23/02/2023 Libro impreso